00331nam a2200121Ia 450000500170000000800410001708200130005810000170007124500220008826000420011030000130015250000440016520250424021405.0240331s9999 xx 000 0 und d a300bGAU aGauthaman, R 0aAram :badhikaram aCoimbatorebVidiyal Pathippagamc1997 a239 p ., aPandaiyakala Aram, athikaram patriyathu